000 02596nam0a2200385 i 4500
001 RU\NLR\bibl\2064696
005 20260503055105.0
010 _a9785942116378
_9300
021 _aRU
_b2013-57020
_93941
035 _a(nilc)RuMoRGB-006612090
035 _a(NLR Aleph) 002051257
090 _a4642521
_c4642521
100 _a20130722d2013 u y0rusy50 ca
101 0 _arus
102 _aRU
105 _aa zzzz|||||
200 1 _aЭкологический мониторинг
_eучебное пособие
_e[для подготовки бакалавров по направлению 022000 "Экология и природопользование" и инженеров по специальности 130400 "Горное дело" (специализация "Горно-промышленная экология") и специальности 120303 "Городской кадастр"]
_fМ. А. Пашкевич, М. А. Куликова
_gМ-во образования и науки Рос. Федерации, Федер. гос. бюджет. образоват. учреждение высш. проф, образования Нац. минерально-сырьевой ун-т "Горный"
210 _aСанкт-Петербург
_cНациональный минерально-сырьевой университет Горный
_d2013
_eСанкт-Петербург
_gНациональный минерально-сырьевой ун-т Горный
215 _a101 с.
_cил.
_d21
320 _aБиблиогр.: с. 99 (14 назв.)
606 _aЭкологический мониторинг
_jУчебные издания для высших учебных заведений
_91674145
_3RU\NLR\AUTH\66742733
606 1 _aПриродная среда
_jУчебные издания для высших учебных заведений
_xГеоэкологический мониторинг
_92409709
_3RU\NLR\AUTH\661435848
686 1 _aД820.4в6я73
686 1 _aР121.1-1я73
686 1 _aЕ081.4в760.8
700 1 _4070
_aПашкевич
_bМ. А.
_gМария Анатольевна
_3RU\NLR\AUTH\770129838
_9129807
701 1 _4070
_aКуликова
_bМ. А.
_cканд. техн. наук, геоэколог
_gМария Алексеевна
_3RU\NLR\AUTH\770129844
_9129813
801 0 _aRU
_bRuMoRKP
_c20130722
_gRCR
801 2 _aRU
_bРГБ
_c20130726
801 1 _aRU
_bRuMoRKP
_c20130722
_2rusmarc
801 2 _aRU
_bNLR
_c20130820
_grcr
942 _cBOOK
980 _aNBR